IFM Opac

Advanced Financial Accounting (Record no. 18041)

MARC details
000 -LEADER
fixed length control field 00412nam a22001697a 4500
020 ## - INTERNATIONAL STANDARD BOOK NUMBER
International Standard Book Number 0273605003
082 ## - DEWEY DECIMAL CLASSIFICATION NUMBER
Classification number 657.48
100 ## - MAIN ENTRY--PERSONAL NAME
Personal name LEWIS, Richard
9 (RLIN) 1279
245 ## - TITLE STATEMENT
Title Advanced Financial Accounting
250 ## - EDITION STATEMENT
Edition statement 4th
260 ## - PUBLICATION, DISTRIBUTION, ETC.
Place of publication, distribution, etc. Britain
Name of publisher, distributor, etc. Pitman publishing
Date of publication, distribution, etc. 1994
300 ## - PHYSICAL DESCRIPTION
Extent viii,634p
Other physical details ill;24cm
500 ## - GENERAL NOTE
General note Includes Index
650 ## - SUBJECT ADDED ENTRY--TOPICAL TERM
Topical term or geographic name entry element Accounting
9 (RLIN) 295
700 ## - ADDED ENTRY--PERSONAL NAME
Personal name David pendrill
9 (RLIN) 1280
942 ## - ADDED ENTRY ELEMENTS (KOHA)
Koha item type Books

No items available.